Normal view
MARC view
- cunningham,chase
Entry Personal Name
001 - CONTROL NUMBER
- control field: 6649
003 - CONTROL NUMBER IDENTIFIER
- control field: JO-AjAnu
005 - DATE AND TIME OF LATEST TRANSACTION
- control field: 20230606071358.0
008 - FIXED-LENGTH DATA ELEMENTS
- fixed length control field: 230606|| aca||aabn | a|a d
040 ## - CATALOGING SOURCE
- Original cataloging agency: JO-AjAnu
- Transcribing agency: JO-AjAnu
100 ## - HEADING--PERSONAL NAME
- Personal name: cunningham,chase
670 ## - SOURCE DATA FOUND
- Source citation: Work cat.: (JO-AjAnu)3445: cunningham,chase, author, cyber Warfare-Truth, Tactics, and strategies:strategic concepts and truths to help you and your organization survive on the battleground of warfare